Zakladanie stavieb - výpočty ... pre poslucháčov denného i diaľkového štúdia Stavebnej fakulty SVŠT ...

Podrobná bibliografia
Hlavný autor: Hulman, Rudolf, 1929- (Autor)
Médium: Kniha
Jazyk:slovenčina
Fyzický popis:210, [1] s. grafy, sch., tab. 4°
Vydavateľské údaje: Bratislava Slovenská vysoká škola technická 1969
Vydanie:2. nezm. vyd.
Predmet:

MARC

LEADER 00000nam a2200000 a 4500
001 vtls008356475
003 SK-MaSNL
005 20260301093813.0
008 230403s1969 xo da f n 000 0 slo
015 |a SKSNBA1969 
035 |a SK01SNK19690048692 
035 |a urn:nbn:sk:snk-aml52u 
035 |a urn:nbn:sk:snk-am008w2d 
035 |a 8A79EA8A-AEA2-482A-9324-F4EFEAF267ED 
035 |a SKM000051155 
040 |a SNK  |b slo  |c SNK  |e AACR2 
041 0 |a slo 
044 |a xo  |c SK 
080 |a 624.1(075.8)(076.5)  |2 1981 
100 1 |a Hulman, Rudolf,  |d 1929-  |4 aut  |9 8547 
245 1 0 |a Zakladanie stavieb - výpočty  |b ... pre poslucháčov denného i diaľkového štúdia Stavebnej fakulty SVŠT ...  |c Rudolf Hulman 
250 |a 2. nezm. vyd. 
260 |a Bratislava  |b Slovenská vysoká škola technická  |c 1969 
300 |a 210, [1] s.  |b grafy, sch., tab.  |c 4° 
366 |e 200 výt. 
500 |a Pozn. 
504 |a Bibliogr. odkazy 
650 0 7 |a stavby  |2 SNKPH  |9 2983 
655 7 |a učebnice vysokých škôl  |2 SNKPH  |9 70191 
655 7 |a praktické cvičenia  |2 SNKPH  |9 70517 
852 |a Slovenská národná knižnica 
954 |a odborná, vedecká literatúra pôvodná (slovenská)  |2 lita 
958 |a OND 
958 |a RM 
958 |a UV 
958 |a NB 
958 |a EUIPO 
999 |c 678215  |d 680145 
952 |a SNK  |b SNK  |y PREZ  |7 0  |p 17A0806428  |o snkSB 15251  |i snkKSP 5502/69  |0 0  |1 0  |4 0  |d 2014-12-08  |f 1  |l 0  |r 2025-03-14 00:00:00  |w 2026-02-23